000 00392nam a2200133Ia 4500
008 231129s9999||||xx |||||||||||||| ||spa||
020 _a84-7232-461-3
040 _bspa
082 _a320.98208 M186e
100 _aMaestre Alfonso Juan
245 0 _aErnesto "Che" Guevara
264 _aMadrid(EspaƱa): Ediciones de Cultura Hispanica
942 _2ddc
_cBKS
999 _c13282
_d13282